Encyclopedia of medical anthropology : health and illness in the world's cultures /

Bibliographic Details
Other Authors: Ember, Carol R., Ember, Melvin
Format: Book
Language:English
Published: New York : Kluwer Academic/Plenum Publishers, [2004]
Subjects:

MARC

Tag First Indicator Second Indicator Subfields
LEADER 00000cam a22000004a 4500
001 in00001817340
005 20250915185011.4
008 030425s2004 nyua be 001 0 eng
010 |a  2003050644 
020 |a 0306477548 (set) 
035 |a (OCoLC)ocm52302157 
040 |a DLC  |c DLC  |d OCLCQ  |d TXA  |d UtOrBLW 
042 |a pcc 
049 |a TXAM 
050 0 0 |a RA418  |b .E354 2004 
082 0 0 |a 362.1/03  |2 21 
245 0 0 |a Encyclopedia of medical anthropology :  |b health and illness in the world's cultures /  |c edited by Carol R. Ember and Melvin Ember. 
264 1 |a New York :  |b Kluwer Academic/Plenum Publishers,  |c [2004] 
264 4 |c ©2004 
300 |a 2 volumes (xliv, 1071 pages) :  |b illustrations ;  |c 26 cm. 
336 |a text  |b txt  |2 rdacontent 
337 |a unmediated  |b n  |2 rdamedia 
338 |a volume  |b nc  |2 rdacarrier 
504 |a Includes bibliographical references and index. 
505 0 |a v. 1. Topics -- v. 2. Cultures. 
650 0 |a Social medicine  |v Encyclopedias. 
650 0 |a World health  |v Encyclopedias. 
650 0 |a Medical anthropology  |v Encyclopedias. 
650 0 |a Medicine  |v Cross-cultural studies. 
650 0 |a Health  |v Cross-cultural studies. 
650 0 |a Diseases  |x Social aspects. 
700 1 |a Ember, Carol R. 
700 1 |a Ember, Melvin. 
994 |a E0  |b TXA 
948 |a cataloged  |b h  |c 2004/3/9  |d c  |e blrosas  |f 10:28:49 am 
999 |a MARS 
999 f f |s a3c69451-6510-3e49-9823-15793a47fcb2  |i dbbdc2c3-8e9a-3beb-b213-12dfd2c483db  |t 0 
952 f f |p storage  |a Texas A&M University  |b J.J. Pickle Campus  |c High Density Repository  |d Remote Storage  |t 0  |e RA418 .E354 2004  |h Library of Congress classification  |i unmediated -- volume  |k v.2  |m A14831077532 
952 f f |p storage  |a Texas A&M University  |b J.J. Pickle Campus  |c High Density Repository  |d Remote Storage  |t 0  |e RA418 .E354 2004  |h Library of Congress classification  |i unmediated -- volume  |k v.1  |m A14831077574 
998 f f |a RA418 .E354 2004  |s v.1-2  |t 0  |l Remote Storage